Dreamweaver 2 Bible (Record no. 40496)

MARC details
000 -LEADER
fixed length control field 00708nam a2200205 a 4500
008 - FIXED-LENGTH DATA ELEMENTS--GENERAL INFORMATION
fixed length control field 120416s1999 ||||||||||||||||| || u
020 ## - INTERNATIONAL STANDARD BOOK NUMBER
International Standard Book Number 0764533223
022 ## - INTERNATIONAL STANDARD SERIAL NUMBER
International Standard Serial Number 0764533223
050 ## - LIBRARY OF CONGRESS CALL NUMBER
Classification number TK 5105.8885.D74 Low
100 ## - MAIN ENTRY--PERSONAL NAME
Personal name Lowery, Joseph W
245 10 - TITLE STATEMENT
Title Dreamweaver 2 Bible
260 ## - PUBLICATION, DISTRIBUTION, ETC.
Place of publication, distribution, etc. Foster City, CA
Name of publisher, distributor, etc. IDG Books worldwide
Date of publication, distribution, etc. 1999
300 ## - PHYSICAL DESCRIPTION
Extent xxxviii, 1034[8]p. : ill.
350 ## - PRICE (NR) (BK AM CF MU VM SE) [OBSOLETE]
Price 0.00
650 ## - SUBJECT ADDED ENTRY--TOPICAL TERM
Topical term or geographic name entry element COMPUTING
650 ## - SUBJECT ADDED ENTRY--TOPICAL TERM
Topical term or geographic name entry element WEB PUBLISHING
650 ## - SUBJECT ADDED ENTRY--TOPICAL TERM
Topical term or geographic name entry element WEB SITES--AUTHORING PROGRAMS
650 ## - SUBJECT ADDED ENTRY--TOPICAL TERM
Topical term or geographic name entry element DREAMWEAVER (COMPUTER FILE)
995 ## - RECOMMENDATION 995 [LOCAL, UNIMARC FRANCE]
-- 0.00
-- CBU-MAIN LIBRARY (Kitwe)
-- 1
-- 45.00
-- 1
-- AVAILABLE
-- Main Library Open Access Collection
Holdings
Withdrawn status Lost status Source of classification or shelving scheme Damaged status Not for loan Home library Current library Shelving location Date acquired Total Checkouts Full call number Barcode Date last seen Price effective from Koha item type
          CBU-MAIN LIBRARY, KITWE. CBU-MAIN LIBRARY, KITWE.   11/30/2022   TK 5105.8885.D74 Low 40525 11/30/2022 11/30/2022 MONOGRAPH